The new innovators : global patenting trends in five sectors /

Bibliographic Details
Main Author: Albert, Michael B., Ph. D.
Corporate Author: United States. Department of Commerce. Assistant Secretary for Technology Policy
Other Authors: Yoshida, Phyllis Genther, Van Opstal, Debra
Format: Government Document Book
Language:English
Published: [Washington, D.C.] : U.S. Dept. of Commerce, Office of Technology Policy, [1998]
Subjects:

MARC

Tag First Indicator Second Indicator Subfields
LEADER 00000cam a2200000 a 4500
001 in00000001571
005 20151007050458.0
008 980930s1998 dcua bs f000 0 eng d
035 |a (OCoLC)39970715 
035 |9 AJB6551AM 
040 |a GPO  |c GPO  |d DLC  |d MvI  |d UtOrBLW 
049 |a UDOC 
074 |a 0128 
086 0 |a C 1.2:IN 6/2 
100 1 |a Albert, Michael B.,  |c Ph. D. 
245 1 4 |a The new innovators :  |b global patenting trends in five sectors /  |c Michael B. Albert, Phyllis Genther Yoshida, and Debra van Opstal. 
246 3 0 |a Global patenting trends in five sectors 
264 1 |a [Washington, D.C.] :  |b U.S. Dept. of Commerce, Office of Technology Policy,  |c [1998] 
300 |a 43 pages :  |b illustrations ;  |c 28 cm. 
336 |a text  |b txt  |2 rdacontent 
337 |a unmediated  |b n  |2 rdamedia 
338 |a volume  |b nc  |2 rdacarrier 
500 |a Shipping list number: 98-0374-P. 
500 |a "September 1998." 
504 |a Includes bibliographical references (page 43). 
650 0 |a Technological innovations  |x Statistics. 
650 0 |a Patents  |x Technological innovations  |x Statistics. 
700 1 |a Yoshida, Phyllis Genther. 
700 1 |a Van Opstal, Debra. 
710 1 |a United States.  |b Department of Commerce.  |b Assistant Secretary for Technology Policy. 
999 |a MARS 
999 f f |s c15141d5-cf70-3b85-9db9-3f9806ff7ee5  |i 945a360a-bb3a-3222-ba1f-2207c1f3df7b  |t 0 
952 f f |p normal  |a Texas A&M University  |b College Station  |c Sterling C. Evans Library  |d Evans: US Documents (Annex 5th floor)  |t 0  |e C 1.2:IN 6/2  |h Superintendent of Documents classification  |i unmediated -- volume  |m A14824392222 
998 f f |a C 1.2:IN 6/2  |t 0  |l Evans: US Documents (Annex 5th floor)